Cliquez sur les pays d’Amérique du Nord sur une carte - Statistiques

Statistiques générales
  • Ce quiz a été pris 1 191 fois
  • Le résultat moyen est 15 sur 23
Réponses sur la Carte
Les réponses sont colorées sur une échelle allant du rouge au vert en fonction du pourcentage des utilisateurs qui les ont devinées à leur premier essai. Vous pouvez retrouver ces pourcentages ci-dessous.
 
Statistiques - réponses
Réponse % Correct
Canada
92%
États-Unis
92%
Mexique
92%
Cuba
83%
Panama
81%
République Dominicaine
79%
Bahamas
78%
Haïti
72%
Belize
71%
Guatemala
71%
Jamaïque
71%
Salvador
69%
Honduras
68%
Nicaragua
67%
Costa Rica
64%
Trinité-et-Tobago
60%
Sainte-Lucie
53%
Barbade
50%
Dominique
50%
Antigua-et-Barbuda
49%
Saint-Vincent-et-les-Grenadines
49%
Saint-Christophe-et-Niévès
44%
Grenade
43%
Aucun quiz correspondant
Distribution des résultats
% des personnes avec chaque résultat
Percentile par nombre de réponses
Votre historique - résultats
Vous n’avez pas pris ce quiz